The Oxford illustrated history of Britain

Salvato in:
Dettagli Bibliografici
Autore principale: Morgan, Kenneth O. (autor)
Natura: Libro
Lingua:inglese
Pubblicazione: Oxford Oxford University Press 1984
Edizione:1a. ed
Soggetti:
Tags: Aggiungi Tag
Nessun Tag, puoi essere il primo ad aggiungerne!!

MARC

LEADER 00000cam a2200000 a 4500
001 UCF5484
003 CL-VaPUC
008 130318e19840000UK |||||||||||||||||eng|d
020 |a 0192851748 
082 0 4 |a 941  |b MOR  |2 21 
100 |a Morgan, Kenneth O.  |e autor  |9 567451 
245 1 4 |a The Oxford illustrated history of Britain 
250 |a 1a. ed 
300 |a 646 p 
942 |c BK 
945 |d 20130318 00:00:00  |a cmena 
260 |a Oxford  |b Oxford University Press  |c 1984 
650 7 |a HISTORIA DE GRAN BRETAÑA  |2 CL-VaPUC  |9 561468 
651 7 |a REINO UNIDO  |2 CL-VaPUC  |9 388523 
583 |a last modification  |c 20130318 11:20:00  |k Rodrigo Vera 
999 |c 351024  |d 351022 
952 |0 0  |1 0  |4 0  |6 941_000000000000000_MOR_1984  |7 0  |8 A  |9 454889  |a BIBEDU  |b BIBEDU  |d 2019-11-22  |i 484162K  |o 941 MOR 1984  |p 484162K  |r 2019-11-22  |w 2019-11-22  |y BK  |k LIT